|
|
|
|
| LEADER |
00000nam0a2200000 4500 |
| 001 |
109796 |
| 005 |
20231101214908.0 |
| 010 |
|
|
|a 5951602114
|
| 035 |
|
|
|a (RuTPU)RU\TPU\book\118565
|
| 090 |
|
|
|a 109796
|
| 100 |
|
|
|a 20070214d2006 k y0rusy50 ca
|
| 101 |
0 |
|
|a rus
|
| 102 |
|
|
|a RU
|
| 105 |
|
|
|a y n 000zy
|
| 200 |
1 |
|
|a Настольная книга госзаказчика
|f Российская Академия Государственной службы при Президенте РФ; Институт подготовки кадров для системы государственных и муниципальных закупок; под ред. А. А. Храмкина
|
| 210 |
|
|
|a Москва
|c Юриспруденция
|d 2006
|
| 215 |
|
|
|a 312 с.
|
| 330 |
|
|
|a Издание включает вводный комментарий к Федеральному закону «О размещении заказов на поставки товаров, выполнение работ, оказание услуг для государственных и муниципальных нужд» от 21 июля 2005 года № 94-ФЗ, наиболее часто встречающиеся вопросы при размещении государственных и муниципальных заказов, словарь основных терминов, а также нормативно-правовую базу, типовые документы и формы по данной тематике.
|
| 610 |
1 |
|
|a право
|
| 610 |
1 |
|
|a гражданское право
|
| 610 |
1 |
|
|a хозяйственное право
|
| 610 |
1 |
|
|a Российская Федерация
|
| 610 |
1 |
|
|a государственный заказ
|
| 610 |
1 |
|
|a федеральные законы
|
| 610 |
1 |
|
|a размещение
|
| 610 |
1 |
|
|a муниципальный заказ
|
| 610 |
1 |
|
|a документы
|
| 610 |
1 |
|
|a типовые формы
|
| 610 |
1 |
|
|a нормативные документы
|
| 610 |
1 |
|
|a законодательные источники
|
| 686 |
|
|
|a Х623.211.130
|v LBC/SL-A
|2 rubbk
|
| 702 |
|
1 |
|a Храмкин
|b А. А.
|4 340
|
| 712 |
0 |
2 |
|a Российская Академия Государственной службы при Президенте РФ
|2 stltpush
|3 (RuTPU)RU\TPU\col\921
|
| 712 |
0 |
2 |
|a Институт подготовки кадров для системы государственных и муниципальных закупок
|2 stltpush
|3 (RuTPU)RU\TPU\col\10618
|9 24880
|
| 801 |
|
1 |
|a RU
|b 63413507
|c 20070214
|g PSBO
|
| 801 |
|
2 |
|a RU
|b 63413507
|c 20100820
|g PSBO
|
| 942 |
|
|
|c BK
|